00841nam a2200205 4500010001300000020001800013035001300031037001800044040001200062082001800074245014100092300002100233490002700254650005300281650006000334650018400394700001800578700002000596700001900616 aB-000297 a9783110280845 aB-000297 bCen Lib / Ret aDPLbEN a028.7071bIFL aThe road to information literacy :blibrarians as facilitators of learning /cedited by Roisin Gwyer, Ruth Stubbings [and] Graham Walton a343p :c27cm(Hb) aIFLA publicationsv157 aLibrarians -- In-service training -- Congresses. aLibrary employees -- In-service training -- Congresses. a Librarians -- In-service training -- Congresses. Library employees -- In-service training -- Congresses. Information literacy -- Study and teaching -- Congresses.  aGwyer, Roisin aStubbings, Ruth aWalton, Graham